[Event "SVK-chT4 A21 2223"]
[Site "Slovakia"]
[Date "2023.02.26"]
[Round "9.3"]
[White "Jakubec, Milan"]
[Black "Klimes, Karel"]
[Result "1-0"]
[WhiteElo "1967"]
[BlackElo "1636"]
[PlyCount "53"]
[EventDate "2022.10.09"]
[EventType "team-tourn"]
[EventRounds "11"]
[EventCountry "SVK"]
[SourceTitle "EXT 2024"]
[Source "ChessBase"]
[SourceDate "2023.10.10"]
[SourceVersion "1"]
[SourceVersionDate "2023.10.10"]
[SourceQuality "1"]
[WhiteTeam "Myjava Spartak"]
[BlackTeam "Stefanov"]
[WhiteTeamCountry "SVK"]
[BlackTeamCountry "SVK"]

1. e4 e6 2. d4 d5 3. exd5 exd5 4. Bd3 Nf6 5. Nf3 Bg4 6. c3 Nc6 7. Bf4 Bd6 8. Bxd6 Qxd6 9. Nbd2 0-0 10. 0-0 Rfe8 11. Qb3 Rab8 12. Rfe1 b6 13. Bb5 Rxe1+ 14. Rxe1 Re8 15. Rxe8+ Nxe8 16. Qa4 Bd7 17. Bxc6 Qxc6 18. Qxa7 Qb5 19. Qa3 Qe2 20. h3 Qd1+ 21. Kh2 Qe2 22. Qa8 Qxf2 23. Qxd5 Nf6 24. Qe5 Ne8 25. Qe7 Bc6 26. d5 Qc5 27. Qxc5 1-0

[Event "SVK-chT4 A21 2223"]
[Site "Slovakia"]
[Date "2022.10.09"]
[Round "1.3"]
[White "Lanza, Matej"]
[Black "Klimes, Karel"]
[Result "0-1"]
[WhiteElo "1110"]
[BlackElo "1645"]
[PlyCount "73"]
[EventDate "2022.10.09"]
[EventType "team-tourn"]
[EventRounds "11"]
[EventCountry "SVK"]
[SourceTitle "EXT 2024"]
[Source "ChessBase"]
[SourceDate "2023.10.10"]
[SourceVersion "1"]
[SourceVersionDate "2023.10.10"]
[SourceQuality "1"]
[WhiteTeam "Gbely Interchess"]
[BlackTeam "Stefanov"]
[WhiteTeamCountry "SVK"]
[BlackTeamCountry "SVK"]

1. d4 d5 2. Nf3 Nf6 3. Nc3 e6 4. Bf4 Bb4 5. e3 a6 6. Bd3 Nc6 7. 0-0 0-0 8. Ne5 Nxe5 9. dxe5 Bxc3 10. bxc3 Nd7 11. Qg4 f5 12. exf6 Nxf6 13. Qh4 Qe7 14. Bxh7+ Kf7 15. Bg5 Qc5 16. Bxf6 gxf6 17. Bd3 Qxc3 18. Qh7+ Ke8 19. Qg7 Qc5 20. Rfe1 f5 21. Rac1 b5 22. Qd4 Qd6 23. f4 c5 24. Qe5 Qxe5 25. fxe5 Rg8 26. h3 Ra7 27. Rb1 Rag7 28. Re2 c4 29. Bxf5 exf5 30. Rd1 Bb7 31. c3 Re7 32. a3 Rxe5 33. Rf1 Rf8 34. Rf4 Rg8 35. Rff2 Ke7 36. Rf1 Rg3 37. Rf3 0-1

[Event "SVK-chT4 A21 2122"]
[Site "Slovakia"]
[Date "2022.05.01"]
[Round "5.1"]
[White "Orvisky, Vladimir"]
[Black "Klimes, Karel"]
[Result "1-0"]
[WhiteElo "1675"]
[BlackElo "1654"]
[PlyCount "49"]
[EventDate "2021.10.17"]
[EventType "team-tourn"]
[EventRounds "11"]
[EventCountry "SVK"]
[SourceTitle "EXT 2024"]
[Source "ChessBase"]
[SourceDate "2023.10.10"]
[SourceVersion "1"]
[SourceVersionDate "2023.10.10"]
[SourceQuality "1"]
[WhiteTeam "Piestany Kupele III"]
[BlackTeam "Stefanov"]
[WhiteTeamCountry "SVK"]
[BlackTeamCountry "SVK"]

1. c4 e5 2. Nf3 Nc6 3. Nc3 Nf6 4. g3 Bc5 5. Bg2 d6 6. 0-0 0-0 7. a3 a6 8. d3 Bg4 9. Bd2 Qd7 10. Re1 Rfe8 11. Rc1 Rab8 12. b4 Ba7 13. Bg5 Qe6 14. Qa4 Rbc8 15. b5 Nb8 16. Nd2 Nfd7 17. Bxb7 Nc5 18. Bxc8 Rxc8 19. Qc2 c6 20. a4 Qf5 21. Be3 Rc7 22. Nce4 Nxe4 23. dxe4 Qe6 24. b6 Rb7 25. bxa7 1-0

[Event "SVK-chT4 A21 2122"]
[Site "Slovakia"]
[Date "2021.11.14"]
[Round "3.2"]
[White "Hrubsa, Marian"]
[Black "Klimes, Karel"]
[Result "1-0"]
[WhiteElo "1749"]
[BlackElo "1654"]
[PlyCount "77"]
[EventDate "2021.10.17"]
[EventType "team-tourn"]
[EventRounds "11"]
[EventCountry "SVK"]
[SourceTitle "EXT 2023"]
[Source "ChessBase"]
[SourceDate "2022.10.05"]
[SourceVersion "1"]
[SourceVersionDate "2022.10.05"]
[SourceQuality "1"]
[WhiteTeam "Skalica II"]
[BlackTeam "Stefanov"]
[WhiteTeamCountry "SVK"]
[BlackTeamCountry "SVK"]

1. e4 e6 2. d4 d5 3. e5 c5 4. c3 Nc6 5. Nf3 cxd4 6. cxd4 Bb4+ 7. Nc3 Nge7 8. Bd3 0-0 9. 0-0 Ng6 10. Ne2 Bd7 11. Be3 Rc8 12. Ng3 Be8 13. Ng5 h6 14. Nh3 f6 15. exf6 Qxf6 16. Qg4 Nge7 17. Nf4 e5 18. Nfh5 Bxh5 19. Nxh5 Qf7 20. Bxh6 g6 21. Ng3 Rfe8 22. f4 e4 23. Bb5 Nf5 24. Nxf5 Qxf5 25. Qxf5 gxf5 26. Rad1 e3 27. Be2 Re4 28. Rc1 Rxd4 29. Rf3 Re8 30. Rg3+ Kh7 31. Rh3 Kg6 32. Bh5+ Kf6 33. Bg5+ Ke6 34. Rxe3+ Re4 35. Rxe4+ fxe4 36. Bxe8 Nd4 37. Rd1 Nf5 38. g4 Ne3 39. f5+ 1-0

[Event "SVK-chT4 A21 2122"]
[Site "Slovakia"]
[Date "2021.10.31"]
[Round "2.2"]
[White "Klimes, Karel"]
[Black "Miciak, Emanuel"]
[Result "0-1"]
[WhiteElo "1654"]
[BlackElo "1804"]
[PlyCount "84"]
[EventDate "2021.10.17"]
[EventType "team-tourn"]
[EventRounds "11"]
[EventCountry "SVK"]
[SourceTitle "EXT 2023"]
[Source "ChessBase"]
[SourceDate "2022.10.05"]
[SourceVersion "1"]
[SourceVersionDate "2022.10.05"]
[SourceQuality "1"]
[WhiteTeam "Stefanov"]
[BlackTeam "Vrbove II"]
[WhiteTeamCountry "SVK"]
[BlackTeamCountry "SVK"]

1. e4 e6 2. d4 d5 3. exd5 exd5 4. Nc3 Nf6 5. Nf3 Be7 6. Be2 0-0 7. 0-0 Bg4 8. Ne5 Bxe2 9. Nxe2 Nbd7 10. Bf4 Re8 11. Re1 Bd6 12. Ng3 g6 13. Nxd7 Qxd7 14. Be5 Re6 15. Qd2 Rae8 16. Bxf6 Rxf6 17. Qg5 Rfe6 18. Rxe6 Qxe6 19. Qd2 Bxg3 20. hxg3 Qe2 21. Qxe2 Rxe2 22. Rc1 Rd2 23. c4 c6 24. cxd5 cxd5 25. b3 Rxa2 26. Rc5 Ra1+ 27. Kh2 Rb1 28. Rb5 b6 29. f4 Kf8 30. g4 Ke7 31. Rxd5 Rxb3 32. Re5+ Kd7 33. Rd5+ Kc6 34. Re5 a5 35. Re7 a4 36. Rxf7 a3 37. f5 gxf5 38. gxf5 Rb5 39. g4 a2 40. Rxh7 a1Q 41. Rh6+ Kd5 42. f6 Rb3 0-1

[Event "SVK-chT5 SE-SI 1920"]
[Site "Slovakia"]
[Date "2020.06.27"]
[Round "9.1"]
[White "Klimes, Karel"]
[Black "Kaufman, Robert"]
[Result "0-1"]
[WhiteElo "1679"]
[BlackElo "1430"]
[PlyCount "48"]
[EventDate "2019.10.19"]
[EventType "team-tourn"]
[EventRounds "14"]
[EventCountry "SVK"]
[SourceTitle "EXT 2022"]
[Source "ChessBase"]
[SourceDate "2021.10.06"]
[SourceVersion "1"]
[SourceVersionDate "2021.10.06"]
[SourceQuality "1"]
[WhiteTeam "Stefanov II"]
[BlackTeam "Senica CVC III"]
[WhiteTeamCountry "SVK"]
[BlackTeamCountry "SVK"]

1. e4 e5 2. Nf3 Nc6 3. Bc4 Nf6 4. d3 Bc5 5. c3 d6 6. Bg5 Be6 7. Bxe6 fxe6 8. Qb3 Qd7 9. Nbd2 0-0-0 10. Qc2 h6 11. Be3 Bxe3 12. fxe3 Ng4 13. Nf1 g5 14. 0-0-0 Rhf8 15. Qe2 d5 16. Nxg5 Nf2 17. Nf3 Nxd1 18. Qxd1 dxe4 19. N3d2 Qxd3 20. Ng3 Rf2 21. Ngxe4 Re2 22. Rf1 Rxe3 23. Nc5 Qb5 24. b4 Rxc3+ 0-1

[Event "SVK-chT4 A21 1920"]
[Site "Slovakia"]
[Date "2020.06.14"]
[Round "11.2"]
[White "Holiencin, Filip"]
[Black "Klimes, Karel"]
[Result "1/2-1/2"]
[WhiteElo "1722"]
[BlackElo "1706"]
[PlyCount "81"]
[EventDate "2019.10.13"]
[EventType "team-tourn"]
[EventRounds "11"]
[EventCountry "SVK"]
[SourceTitle "EXT 2022"]
[Source "ChessBase"]
[SourceDate "2021.10.06"]
[SourceVersion "1"]
[SourceVersionDate "2021.10.06"]
[SourceQuality "1"]
[WhiteTeam "Holic II"]
[BlackTeam "Stefanov"]
[WhiteTeamCountry "SVK"]
[BlackTeamCountry "SVK"]

1. Nf3 Nc6 2. d4 d5 3. Bf4 Nf6 4. h3 Bf5 5. a3 e6 6. e3 Bd6 7. Bxd6 Qxd6 8. Nbd2 0-0 9. Be2 e5 10. dxe5 Nxe5 11. Nd4 Bd7 12. 0-0 c5 13. N4f3 Bc6 14. Nxe5 Qxe5 15. c3 Rad8 16. Nf3 Qe6 17. Qc2 Rfe8 18. Rfe1 Ne4 19. b4 b6 20. b5 Bb7 21. c4 Qg6 22. Rad1 Qe6 23. cxd5 Bxd5 24. Rd3 Bb7 25. Red1 Rxd3 26. Qxd3 Bc8 27. Nd2 Nf6 28. Bf3 Nd7 29. Nc4 Ne5 30. Nxe5 Qxe5 31. Bc6 Rf8 32. f4 Qf6 33. a4 Bf5 34. e4 Bc8 35. f5 h6 36. g3 a6 37. Kg2 axb5 38. axb5 g6 39. g4 h5 40. Qd6 Qg5 41. Qd2 1/2-1/2

[Event "SVK-chT4 A21 1920"]
[Site "Slovakia"]
[Date "2020.02.23"]
[Round "9.1"]
[White "Klimes, Karel"]
[Black "Planka, Peter"]
[Result "1/2-1/2"]
[WhiteElo "1706"]
[BlackElo "1803"]
[PlyCount "75"]
[EventDate "2019.10.13"]
[EventType "team-tourn"]
[EventRounds "11"]
[EventCountry "SVK"]
[SourceTitle "CBM 195 Extra"]
[Source "ChessBase"]
[SourceDate "2020.05.31"]
[SourceVersion "1"]
[SourceVersionDate "2020.05.31"]
[SourceQuality "1"]
[WhiteTeam "Stefanov"]
[BlackTeam "Kopcany"]
[WhiteTeamCountry "SVK"]
[BlackTeamCountry "SVK"]

1. e4 e5 2. Nf3 Nc6 3. Bc4 Be7 4. c3 Nf6 5. d3 d6 6. Bg5 0-0 7. 0-0 Bd7 8. Nbd2 h6 9. Bh4 Na5 10. h3 Nxc4 11. Nxc4 Nh7 12. Bxe7 Qxe7 13. Ne3 c6 14. d4 Rad8 15. Qa4 a6 16. Qb4 exd4 17. Qxd4 Nf6 18. e5 dxe5 19. Qxe5 Qxe5 20. Nxe5 Be6 21. b3 Rd2 22. N5c4 Rd3 23. Na5 Bc8 24. Rac1 Rfd8 25. Rfd1 Ne4 26. Rxd3 Rxd3 27. Rd1 Rxd1+ 28. Nxd1 Kf8 29. f3 Nd6 30. Ne3 Bd7 31. Nac4 Ke7 32. Ne5 Be6 33. c4 h5 34. Kf2 Nf5 35. g4 hxg4 36. hxg4 Nd4 37. f4 f6 38. Nd3 1/2-1/2

[Event "SVK-chT4 A21 1819"]
[Site "Slovakia"]
[Date "2019.02.17"]
[Round "9.1"]
[White "Musaev, Urmat"]
[Black "Klimes, Karel"]
[Result "1/2-1/2"]
[WhiteElo "1840"]
[BlackElo "1690"]
[PlyCount "40"]
[EventDate "2018.10.14"]
[EventType "team-tourn"]
[EventRounds "11"]
[EventCountry "SVK"]
[SourceTitle "CBM 189 Extra"]
[Source "ChessBase"]
[SourceDate "2019.06.03"]
[SourceVersion "1"]
[SourceVersionDate "2019.06.03"]
[SourceQuality "1"]
[WhiteTeam "Piestany Kupele II"]
[BlackTeam "Stefanov"]
[WhiteTeamCountry "SVK"]
[BlackTeamCountry "SVK"]

1. e4 e5 2. Nf3 Nc6 3. Bc4 Be7 4. 0-0 Nf6 5. Re1 0-0 6. c3 d6 7. h3 Be6 8. Bxe6 fxe6 9. Ng5 Qd7 10. Qb3 Nd8 11. d4 exd4 12. cxd4 h6 13. Nf3 b6 14. e5 Nd5 15. Nc3 Nxc3 16. bxc3 d5 17. a4 Nc6 18. Qc2 Rf5 19. Ba3 Raf8 20. Bxe7 Qxe7 1/2-1/2

[Event "SVK-chT4 A21 1819"]
[Site "Slovakia"]
[Date "2019.02.03"]
[Round "8.1"]
[White "Klimes, Karel"]
[Black "Podjavorinsky, Michal"]
[Result "0-1"]
[WhiteElo "1690"]
[BlackElo "1895"]
[PlyCount "42"]
[EventDate "2018.10.14"]
[EventType "team-tourn"]
[EventRounds "11"]
[EventCountry "SVK"]
[SourceTitle "CBM 189 Extra"]
[Source "ChessBase"]
[SourceDate "2019.06.03"]
[SourceVersion "1"]
[SourceVersionDate "2019.06.03"]
[SourceQuality "1"]
[WhiteTeam "Stefanov"]
[BlackTeam "Vrbove"]
[WhiteTeamCountry "SVK"]
[BlackTeamCountry "SVK"]

1. d4 d5 2. Bf4 Nf6 3. Nf3 Bf5 4. e3 e6 5. c4 Bxb1 6. Rxb1 Bb4+ 7. Ke2 Bd6 8. Bxd6 Qxd6 9. Qa4+ Nbd7 10. c5 Qe7 11. Ne5 c6 12. Nxd7 Nxd7 13. f4 0-0 14. Kf3 e5 15. dxe5 f6 16. g4 fxe5 17. f5 Qh4 18. h3 Rxf5+ 19. Ke2 Rf2+ 20. Kd1 Qg3 21. Qa3 Qf3+ 0-1

[Event "SVK-chT5 SE-SI 1819"]
[Site "Slovakia"]
[Date "2019.01.26"]
[Round "6.1"]
[White "Klimes, Karel"]
[Black "Kastler, Peter"]
[Result "1/2-1/2"]
[WhiteElo "1715"]
[BlackElo "1724"]
[PlyCount "37"]
[EventDate "2018.10.20"]
[EventType "team-tourn"]
[EventRounds "10"]
[EventCountry "SVK"]
[SourceTitle "CBM 189 Extra"]
[Source "ChessBase"]
[SourceDate "2019.06.03"]
[SourceVersion "1"]
[SourceVersionDate "2019.06.03"]
[SourceQuality "1"]
[WhiteTeam "Stefanov II"]
[BlackTeam "Gbely Nafta IV"]
[WhiteTeamCountry "SVK"]
[BlackTeamCountry "SVK"]

1. e4 e6 2. d4 d5 3. Nc3 dxe4 4. Nxe4 Nd7 5. Nf3 Ngf6 6. Bd3 Be7 7. 0-0 0-0 8. c3 b6 9. Qc2 Bb7 10. Bg5 Nxe4 11. Bxe7 Qxe7 12. Bxe4 Bxe4 13. Qxe4 Nf6 14. Qh4 Rac8 15. Rad1 c5 16. Ne5 Rfd8 17. dxc5 Rxc5 18. Rxd8+ Qxd8 19. Ng4 1/2-1/2

[Event "SVK-chT4 A21 1819"]
[Site "Slovakia"]
[Date "2019.01.06"]
[Round "6.2"]
[White "Vepy, Ivan"]
[Black "Klimes, Karel"]
[Result "0-1"]
[WhiteElo "1868"]
[BlackElo "1690"]
[PlyCount "54"]
[EventDate "2018.10.14"]
[EventType "team-tourn"]
[EventRounds "11"]
[EventCountry "SVK"]
[SourceTitle "CBM 189 Extra"]
[Source "ChessBase"]
[SourceDate "2019.06.03"]
[SourceVersion "1"]
[SourceVersionDate "2019.06.03"]
[SourceQuality "1"]
[WhiteTeam "Skalica III"]
[BlackTeam "Stefanov"]
[WhiteTeamCountry "SVK"]
[BlackTeamCountry "SVK"]

1. b3 d5 2. Bb2 Nf6 3. Nf3 e6 4. e3 c5 5. Be2 Be7 6. 0-0 0-0 7. d4 cxd4 8. Nxd4 Nc6 9. Nxc6 bxc6 10. Nd2 a5 11. a4 Ba6 12. Nf3 Qc7 13. Rc1 Rfd8 14. Bxa6 Rxa6 15. Qe2 Qb7 16. Nd4 Raa8 17. Rfd1 Ne4 18. f3 Nc5 19. Ba3 Rdc8 20. Rb1 Na6 21. Bc1 Qd7 22. Bd2 e5 23. Nxc6 Qxc6 24. Bxa5 Bb4 25. Bxb4 Nxb4 26. Rdc1 Na2 27. Rd1 Nc3 0-1

[Event "SVK-chT4 A21 1718"]
[Site "Slovakia"]
[Date "2018.02.11"]
[Round "9.2"]
[White "Klimes, Karel"]
[Black "Vach, Jozef"]
[Result "1-0"]
[WhiteElo "1652"]
[BlackElo "1685"]
[PlyCount "89"]
[EventDate "2017.10.01"]
[EventType "team-tourn"]
[EventRounds "11"]
[EventCountry "SVK"]
[SourceTitle "EXT 2020"]
[Source "ChessBase"]
[SourceDate "2019.10.17"]
[SourceVersion "1"]
[SourceVersionDate "2019.10.17"]
[SourceQuality "1"]
[WhiteTeam "Stefanov"]
[BlackTeam "Holic II"]
[WhiteTeamCountry "SVK"]
[BlackTeamCountry "SVK"]

1. e4 e5 2. Nf3 Nc6 3. Bc4 Be7 4. c3 Nf6 5. Qe2 d6 6. h3 0-0 7. 0-0 a6 8. d4 b5 9. Bb3 Bb7 10. Bg5 h6 11. Bh4 Nh7 12. Bxe7 Qxe7 13. Nbd2 Na5 14. Bc2 c5 15. b4 Nc6 16. bxc5 dxc5 17. d5 Nb8 18. a4 Nd7 19. axb5 axb5 20. Qxb5 Rfb8 21. Rxa8 Bxa8 22. Qa5 Nb6 23. Rb1 Qd8 24. Nxe5 Nxd5 25. Rxb8 Qxb8 26. Nd7 Qe8 27. exd5 Bxd5 28. c4 Qxd7 29. cxd5 Qxd5 30. Ne4 g6 31. Qxc5 Qe6 32. Qd6 Qc4 33. Bd3 Qb3 34. Qd4 Qd1+ 35. Kh2 Qb3 36. Bc4 Qb8+ 37. Nd6 Ng5 38. Qe5 Qd8 39. h4 Nh7 40. Bxf7+ Kf8 41. Qh8+ Ke7 42. Qxd8+ Kxd8 43. Bxg6 Nf8 44. Nf7+ Ke7 45. Bh5 1-0

[Event "SVK-chT4 A21 1718"]
[Site "Slovakia"]
[Date "2017.12.10"]
[Round "6.2"]
[White "Klimes, Karel"]
[Black "Miciak, Emanuel"]
[Result "0-1"]
[WhiteElo "1653"]
[BlackElo "1909"]
[PlyCount "84"]
[EventDate "2017.10.01"]
[EventType "team-tourn"]
[EventRounds "11"]
[EventCountry "SVK"]
[SourceTitle "EXT 2019"]
[Source "ChessBase"]
[SourceDate "2018.10.10"]
[SourceVersion "1"]
[SourceVersionDate "2018.10.10"]
[SourceQuality "1"]
[WhiteTeam "Stefanov"]
[BlackTeam "Vrbove II"]
[WhiteTeamCountry "SVK"]
[BlackTeamCountry "SVK"]

1. e4 c5 2. Nf3 d6 3. Bc4 Nf6 4. d3 e6 5. Bg5 Be7 6. Nc3 Nc6 7. a3 Bd7 8. 0-0 0-0 9. d4 cxd4 10. Nxd4 a6 11. Nde2 Qc7 12. Ng3 Rac8 13. Ba2 h6 14. Bf4 Rfd8 15. Nce2 Na5 16. Rc1 b5 17. Qd3 Qb8 18. b3 Nc6 19. Rfd1 Be8 20. h3 Ne5 21. Qd4 Ng6 22. Bd2 d5 23. exd5 Bxa3 24. Rb1 Rxd5 25. Qa1 b4 26. c3 a5 27. Be3 Rxd1+ 28. Rxd1 bxc3 29. Nxc3 Bb4 30. Nce4 Nxe4 31. Nxe4 Rd8 32. Rxd8 Qxd8 33. Qc1 Bb5 34. Bd2 Bxd2 35. Nxd2 Nf4 36. Kh2 Ne2 37. Qe1 Qd6+ 38. Kh1 Qe5 39. Nf3 Qc3 40. Qd1 Qc1 41. Qxc1 Nxc1 42. Nd4 Bd3 0-1

[Event "SVK-chT4 A21 1718"]
[Site "Slovakia"]
[Date "2017.11.12"]
[Round "4.2"]
[White "Klimes, Karel"]
[Black "Musaev, Matej Elbek"]
[Result "0-1"]
[WhiteElo "1652"]
[BlackElo "1748"]
[PlyCount "60"]
[EventDate "2017.10.01"]
[EventType "team-tourn"]
[EventRounds "11"]
[EventCountry "SVK"]
[SourceTitle "EXT 2019"]
[Source "ChessBase"]
[SourceDate "2018.10.10"]
[SourceVersion "1"]
[SourceVersionDate "2018.10.10"]
[SourceQuality "1"]
[WhiteTeam "Stefanov"]
[BlackTeam "Piestany Kupele II"]
[WhiteTeamCountry "SVK"]
[BlackTeamCountry "SVK"]

1. d4 d5 2. c4 e6 3. Nc3 Nf6 4. Bg5 Be7 5. e3 h6 6. Bh4 0-0 7. Nf3 b6 8. cxd5 exd5 9. h3 Bb7 10. Bd3 c5 11. 0-0 Nbd7 12. Bf5 Ne4 13. Bxe7 Qxe7 14. Bxd7 Qxd7 15. Ne5 Qc7 16. Nb5 Qe7 17. Re1 a6 18. Nc3 Qc7 19. Rc1 Rfd8 20. Qg4 Qe7 21. Nxe4 dxe4 22. Nc4 cxd4 23. exd4 Qf6 24. Nd2 Qxd4 25. Nxe4 h5 26. Qf4 Re8 27. Rc7 Bd5 28. Rd7 Rxe4 29. Rxe4 Qxe4 30. Qd6 Qxg2# 0-1

[Event "SVK-chT4 A21 1617"]
[Site "Slovakia"]
[Date "2017.02.26"]
[Round "10.2"]
[White "Bardik, Jozef"]
[Black "Klimes, Karel"]
[Result "1-0"]
[WhiteElo "1854"]
[BlackElo "1646"]
[PlyCount "75"]
[EventDate "2016.10.09"]
[EventType "team-tourn"]
[EventRounds "11"]
[EventCountry "SVK"]
[SourceTitle "EXT 2020"]
[Source "ChessBase"]
[SourceDate "2019.10.17"]
[SourceVersion "1"]
[SourceVersionDate "2019.10.17"]
[SourceQuality "1"]
[WhiteTeam "Piestany Kupele II"]
[BlackTeam "Stefanov"]
[WhiteTeamCountry "SVK"]
[BlackTeamCountry "SVK"]

1. d4 d5 2. c4 e6 3. Nc3 Nf6 4. e3 c5 5. Nf3 cxd4 6. exd4 Be7 7. Be2 dxc4 8. Bxc4 0-0 9. 0-0 Qc7 10. Qb3 a6 11. a4 Nc6 12. Be2 Rd8 13. Rd1 h6 14. h3 Bd7 15. Be3 Nb4 16. Ne5 Nfd5 17. Nxd5 Nxd5 18. Rac1 Qb6 19. Qxb6 Nxb6 20. b3 Rac8 21. a5 Rxc1 22. Rxc1 Nd5 23. Bf3 Bb4 24. Bxd5 exd5 25. Rc7 Be8 26. Rxb7 Bxa5 27. b4 f6 28. bxa5 fxe5 29. dxe5 d4 30. Bd2 Bb5 31. f4 d3 32. Kf2 Rd4 33. Ra7 Ra4 34. Ke3 Ra2 35. e6 Ra1 36. Ra8+ Kh7 37. e7 Rf1 38. e8Q 1-0

[Event "SVK-chT4 A21 1617"]
[Site "Slovakia"]
[Date "2016.10.23"]
[Round "2.2"]
[White "Klimes, Karel"]
[Black "Sottnik, Filip"]
[Result "0-1"]
[WhiteElo "1634"]
[BlackElo "1692"]
[PlyCount "84"]
[EventDate "2016.10.09"]
[EventType "team-tourn"]
[EventRounds "11"]
[EventCountry "SVK"]
[SourceTitle "CBM 175 Extra"]
[Source "ChessBase"]
[SourceDate "2016.12.12"]
[SourceVersion "1"]
[SourceVersionDate "2016.12.12"]
[SourceQuality "1"]
[WhiteTeam "Stefanov"]
[BlackTeam "Trnava Lokomotiva Jun"]
[WhiteTeamCountry "SVK"]
[BlackTeamCountry "SVK"]

1. e4 e5 2. Nf3 Nc6 3. Bc4 Bc5 4. c3 Nf6 5. d3 h6 6. 0-0 d6 7. Nbd2 a6 8. a4 0-0 9. Qc2 Ng4 10. Nb3 Ba7 11. d4 Kh8 12. h3 Nf6 13. Rd1 Qe7 14. d5 Nd8 15. Qe2 Nh5 16. Nh2 Qh4 17. Nf3 Qe7 18. Be3 Bxe3 19. fxe3 Ng3 20. Qc2 f5 21. Bd3 f4 22. exf4 Rxf4 23. Kh2 Nh5 24. Rf1 Nf7 25. g3 Rxf3 26. Rxf3 Ng5 27. Re3 Bxh3 28. Be2 Nf6 29. Bf3 Rf8 30. Nd2 Qe8 31. Kg1 Qg6 32. Bg2 Qh5 33. Bf3 Bg4 34. Bg2 Bh3 35. Bf3 Bg4 36. Rf1 Nh3+ 37. Kg2 Ng5 38. Rh1 Qg6 39. Bxg4 Nxg4 40. Re2 Rf2+ 41. Kg1 Rxe2 42. Qd3 Rxd2 0-1

[Event "SVK-chT4 A21 1516"]
[Site "Slovakia"]
[Date "2016.02.07"]
[Round "8.3"]
[White "Brunovsky, Peter"]
[Black "Klimes, Karel"]
[Result "1/2-1/2"]
[WhiteElo "1823"]
[BlackElo "1658"]
[PlyCount "77"]
[EventDate "2015.10.04"]
[EventType "team-tourn"]
[EventRounds "11"]
[EventCountry "SVK"]
[SourceTitle "EXT 2017"]
[Source "ChessBase"]
[SourceDate "2016.10.25"]
[SourceVersion "1"]
[SourceVersionDate "2016.10.25"]
[SourceQuality "1"]
[WhiteTeam "Gbely Nafta III"]
[BlackTeam "Stefanov"]
[WhiteTeamCountry "SVK"]
[BlackTeamCountry "SVK"]

1. c4 e5 2. e4 Nf6 3. d3 Bc5 4. g3 d6 5. h3 Nc6 6. Ne2 Be6 7. Bg2 h6 8. 0-0 Qd7 9. Kh2 Nh7 10. f4 exf4 11. gxf4 f5 12. d4 Nxd4 13. Nxd4 Bxc4 14. Re1 0-0-0 15. Nc3 g6 16. Be3 Rde8 17. exf5 gxf5 18. Qf3 Ba6 19. Nb3 Bb4 20. Bd4 Rhg8 21. a3 Bxc3 22. Bxc3 Qf7 23. Nd2 Nf6 24. Bxf6 Qxf6 25. b4 Rxe1 26. Rxe1 Qb2 27. Qd5 Qg7 28. Qxf5+ Kb8 29. Qg4 Qf7 30. Qf3 c6 31. Ne4 Qe7 32. Rd1 d5 33. Nc3 Qf6 34. Re1 Qh4 35. Re5 d4 36. Na4 d3 37. Nc5 Bc4 38. Qe3 Rd8 39. Ne4 1/2-1/2

[Event "SVK-chT5 SE-SI 1415"]
[Site "Slovakia"]
[Date "2015.03.07"]
[Round "10.1"]
[White "Klimes, Karel"]
[Black "Zlamal, Marek"]
[Result "1/2-1/2"]
[WhiteElo "1688"]
[BlackElo "1671"]
[PlyCount "110"]
[EventDate "2014.10.18"]
[EventType "team-tourn"]
[EventRounds "11"]
[EventCountry "SVK"]
[SourceTitle "EXT 2022"]
[Source "ChessBase"]
[SourceDate "2021.10.06"]
[SourceVersion "1"]
[SourceVersionDate "2021.10.06"]
[SourceQuality "1"]
[WhiteTeam "Stefanov III"]
[BlackTeam "Holic III"]
[WhiteTeamCountry "SVK"]
[BlackTeamCountry "SVK"]

1. e4 c5 2. Nf3 Nc6 3. Bc4 e5 4. c3 Nf6 5. d3 h6 6. a3 Be7 7. b4 d5 8. exd5 Nxd5 9. b5 Na5 10. Nxe5 Bf6 11. Nxf7 Qe7+ 12. Qe2 Qxe2+ 13. Kxe2 Nxc3+ 14. Nxc3 Bxc3 15. Nxh8 Bxa1 16. Bf7+ Kf8 17. Bd2 Nb3 18. Bxb3 Bg4+ 19. f3 Re8+ 20. Kf2 Bd4+ 21. Kg3 Bh5 22. Re1 Rxe1 23. Bxe1 g5 24. Nf7 Bxf7 25. Bxf7 Kxf7 26. Bf2 Be5+ 27. Kg4 b6 28. h4 Kg6 29. Bg3 Kf6 30. hxg5+ hxg5 31. f4 gxf4 32. Bxf4 Bc3 33. Bb8 Ke6 34. Kf4 Kd5 35. Ke3 Bf6 36. Bxa7 Bg5+ 37. Ke2 Bd8 38. Bb8 c4 39. dxc4+ Kxc4 40. Bd6 Kxb5 41. Kd3 Kc6 42. Bb4 Kd5 43. Ke3 Ke5 44. Kf3 Bg5 45. g4 Bd8 46. Bd2 Be7 47. Bc1 Bc5 48. Bb2+ Ke6 49. Kf4 Kf7 50. Kf5 Kg8 51. g5 Kf7 52. g6+ Kg8 53. Kf6 Bd6 54. Ke6 Bc5 55. g7 Bxa3 1/2-1/2

[Event "SVK-chT4A21 1415"]
[Site "Slovakia"]
[Date "2015.03.01"]
[Round "10.4"]
[White "Podjavorinsky, Peter"]
[Black "Klimes, Karel"]
[Result "0-1"]
[WhiteElo "1707"]
[BlackElo "1688"]
[PlyCount "74"]
[EventDate "2014.10.12"]
[EventType "team-tourn"]
[EventRounds "11"]
[EventCountry "SVK"]
[SourceTitle "EXT 2022"]
[Source "ChessBase"]
[SourceDate "2021.10.06"]
[SourceVersion "1"]
[SourceVersionDate "2021.10.06"]
[SourceQuality "1"]
[WhiteTeam "Vrbove III"]
[BlackTeam "Stefanov"]
[WhiteTeamCountry "SVK"]
[BlackTeamCountry "SVK"]

1. e4 e5 2. Nf3 Nc6 3. Bc4 Be7 4. d4 exd4 5. Nxd4 Nf6 6. Nxc6 dxc6 7. Qxd8+ Bxd8 8. 0-0 0-0 9. e5 Nd5 10. a4 Re8 11. f4 Be7 12. c3 Bc5+ 13. Kh1 Bf5 14. Bxd5 cxd5 15. b4 Be7 16. Be3 a5 17. b5 c6 18. bxc6 bxc6 19. Nd2 Rab8 20. c4 Rb2 21. cxd5 cxd5 22. Rf2 Rc8 23. Nf3 Rxf2 24. Bxf2 Rc2 25. Be3 Rc4 26. Kg1 h6 27. h3 Bd7 28. Bb6 Rxf4 29. Bxa5 Rxa4 30. Rxa4 Bxa4 31. Bb6 g5 32. g4 Bb4 33. Bd4 Kf8 34. Kf2 Ke7 35. Kg3 Bd1 36. Bb6 Ke6 37. Ba7 Bxf3 0-1